<?xml version="1.0" encoding="UTF-8"?>
<record
    xmlns:xsi="http://www.w3.org/2001/XMLSchema-instance"
    xsi:schemaLocation="http://www.loc.gov/MARC21/slim http://www.loc.gov/standards/marcxml/schema/MARC21slim.xsd"
    xmlns="http://www.loc.gov/MARC21/slim">

  <leader>00812cam a22002294a 4500</leader>
  <controlfield tag="005">20251006145053.0</controlfield>
  <datafield tag="020" ind1=" " ind2=" ">
    <subfield code="a">0072873795 </subfield>
    <subfield code="c">TZS 10,000/=</subfield>
  </datafield>
  <datafield tag="040" ind1=" " ind2=" ">
    <subfield code="a">MCCL</subfield>
    <subfield code="b">eng.</subfield>
    <subfield code="e">AACR 2nd rev. ed.</subfield>
  </datafield>
  <datafield tag="082" ind1="0" ind2="0">
    <subfield code="a">658.72 PUR</subfield>
  </datafield>
  <datafield tag="245" ind1="0" ind2="0">
    <subfield code="a">Purchasing and supply management :</subfield>
    <subfield code="b">with 50 supply chain cases /</subfield>
    <subfield code="c">Michiel R. Leenders...(et al.)</subfield>
  </datafield>
  <datafield tag="250" ind1=" " ind2=" ">
    <subfield code="a">13th ed.</subfield>
  </datafield>
  <datafield tag="260" ind1=" " ind2=" ">
    <subfield code="a">Boston :</subfield>
    <subfield code="b">McGraw-Hill/Irwin,</subfield>
    <subfield code="c">c2006.</subfield>
  </datafield>
  <datafield tag="300" ind1=" " ind2=" ">
    <subfield code="a">xix, 564 p.:</subfield>
    <subfield code="b">ill.;</subfield>
    <subfield code="c">25cm.</subfield>
  </datafield>
  <datafield tag="504" ind1=" " ind2=" ">
    <subfield code="a">Includes bibliographical references and index.</subfield>
  </datafield>
  <datafield tag="546" ind1=" " ind2=" ">
    <subfield code="a">eng.</subfield>
  </datafield>
  <datafield tag="650" ind1=" " ind2="0">
    <subfield code="a">Industrial procurement.</subfield>
  </datafield>
  <datafield tag="650" ind1=" " ind2="0">
    <subfield code="a">Materials management.</subfield>
  </datafield>
  <datafield tag="700" ind1=" " ind2=" ">
    <subfield code="a">Leenders, Michiel R. </subfield>
  </datafield>
  <datafield tag="856" ind1="4" ind2="2">
    <subfield code="u">http://www.loc.gov/catdir/enhancements/fy0619/2004065550-d.html</subfield>
  </datafield>
  <datafield tag="856" ind1="4" ind2="1">
    <subfield code="u">http://www.loc.gov/catdir/enhancements/fy0619/2004065550-t.html</subfield>
  </datafield>
  <datafield tag="942" ind1=" " ind2=" ">
    <subfield code="c">BK</subfield>
  </datafield>
  <datafield tag="999" ind1=" " ind2=" ">
    <subfield code="c">12126</subfield>
    <subfield code="d">12126</subfield>
  </datafield>
  <datafield tag="952" ind1=" " ind2=" ">
    <subfield code="0">0</subfield>
    <subfield code="1">0</subfield>
    <subfield code="4">0</subfield>
    <subfield code="7">0</subfield>
    <subfield code="a">MU002</subfield>
    <subfield code="b">MU002</subfield>
    <subfield code="d">2013-03-01</subfield>
    <subfield code="e">TBST</subfield>
    <subfield code="l">0</subfield>
    <subfield code="o">658.72 PUR</subfield>
    <subfield code="p">005222</subfield>
    <subfield code="r">2025-10-06 14:52:54</subfield>
    <subfield code="t">1</subfield>
    <subfield code="w">2025-10-06</subfield>
    <subfield code="y">BK</subfield>
  </datafield>
  <datafield tag="952" ind1=" " ind2=" ">
    <subfield code="0">0</subfield>
    <subfield code="1">0</subfield>
    <subfield code="4">0</subfield>
    <subfield code="7">0</subfield>
    <subfield code="a">MU002</subfield>
    <subfield code="b">MU002</subfield>
    <subfield code="d">2013-03-01</subfield>
    <subfield code="e">TBST</subfield>
    <subfield code="l">0</subfield>
    <subfield code="o">658.72 PUR</subfield>
    <subfield code="p">005223</subfield>
    <subfield code="r">2025-10-06 14:52:54</subfield>
    <subfield code="t">2</subfield>
    <subfield code="w">2025-10-06</subfield>
    <subfield code="y">BK</subfield>
  </datafield>
</record>
